[Event "POLFINAL MISTRZOSTW POLSKI JUNIOROW 2019 - C11"]
[Site "Ustron"]
[Date "1899-12-30"]
[Round "2.9"]
[White "Jaszczuk, Piotr"]
[Black "Owierczuk, Szymon"]
[Result "1-0"]
[WhiteTitle "II"]
[BlackTitle "II"]
[WhiteElo "1267"]
[BlackElo "1086"]

1. e4 c5 2. Nf3 d6 3. d4 cxd4 4. Nxd4 Nf6 5. Nc3 a6 6. Bd3 e6 7. O-O Nbd7 8. f4
b5 9. a3 Bb7 10. Kh1 Be7 11. Qe1 Qc7 12. Qg3 O-O 13. Nf3 e5 14. Nh4 Nh5 15. Qg4
Ndf6 16. Qf3 g6 17. f5 Nd7 18. g4 Bxh4 19. gxh5 Bf6 20. Rg1 Bg7 21. Bg5 h6 22.
Be3 g5 23. h4 f6 24. Qg4 Qd8 25. Raf1 Qe7 26. Rf2 Rac8 27. Rfg2 Kh8 28. Kh2 Bc6
29. Kh3 Bb7 30. Rd2 Nc5 31. Bxc5 Rxc5 32. hxg5 fxg5 33. Rgd1 Rf6 34. Be2 Qc7 35.
Qg3 Kh7 36. Rd3 Kh8 37. Qe1 Bf8 38. Re3 Kg7 39. b4 Rc6 40. Nd5 Qd8 41. Nxf6 Qxf6
42. Bd3 Qf7 43. Kg4 Qf6 44. Rc1 Rc7 45. c4 bxc4 46. Rxc4 Re7 47. Qc1 d5 48. Rc7
dxe4 49. Bxe4 Bxe4 50. Rxe4 Qd6 51. Rxe7+ Bxe7 52. Qc2 Bf6 53. Rc4 Be7 54. a4
Qb6 55. Kf3 Qd6 56. Kg4 Qb6 57. f6+ Qxf6 58. Qg6+ Qxg6 59. hxg6 Kxg6 60. Rc6+
Bf6 61. Rxa6 h5+ 62. Kg3 e4 63. b5 h4+ 64. Kf2 g4 65. Re6 Kf5 66. Re8 g3+ 67.
Kg2 Bd4 68. a5 Be5 69. b6 Bd6 70. b7 Kf4 71. a6 e3 72. a7 1-0

[Event "POLFINAL MISTRZOSTW POLSKI JUNIOROW 2019 - C11"]
[Site "Ustron"]
[Date "1899-12-30"]
[Round "2.10"]
[White "Krzastek, Adrian"]
[Black "Macura, Mateusz"]
[Result "1/2-1/2"]
[WhiteTitle "II"]
[BlackTitle "II"]
[WhiteElo "1181"]
[BlackElo "1249"]

1. e4 d5 2. exd5 Nf6 3. d4 Bg4 4. Bb5+ c6 5. dxc6 Bxd1 6. c7+ Nc6 7. cxd8=Q+ Rxd8
8. Kxd1 Rxd4+ 9. Bd2 e6 10. Nf3 Rd7 11. Bxc6 bxc6 12. Ne5 Rd6 13. Nc3 Be7 14.
Ke2 O-O 15. Bf4 Nd5 16. Nxd5 cxd5 17. c3 f6 18. Nf3 e5 19. Be3 Rb8 20. Rab1 Rd7
21. Rhd1 a6 22. b4 Kf7 23. a3 Ke6 24. g4 g5 25. Rd2 Rc8 26. Rb3 Rdc7 27. Nd4+
exd4 28. Bxd4 Bd6 29. h3 Rc4 30. Kd3 Be5 31. Re2 Kd6 32. Bc5+ Ke6 33. Bd4 1/2-1/2

[Event "POLFINAL MISTRZOSTW POLSKI JUNIOROW 2019 - C11"]
[Site "Ustron"]
[Date "1899-12-30"]
[Round "2.11"]
[White "Uhryn, Mateusz"]
[Black "Katny, Tymoteusz"]
[Result "1-0"]
[WhiteTitle "II+"]
[BlackTitle "III"]
[WhiteElo "1362"]
[BlackElo "1027"]

1. c4 e5 2. Nc3 Nc6 3. Nf3 Bc5 4. e3 d6 5. a3 a6 6. d4 exd4 7. exd4 Ba7 8. Be2
Bg4 9. Be3 Nf6 10. O-O d5 11. Qb3 Bxf3 12. Bxf3 Bxd4 13. Qxb7 Na5 14. Qb4 Bxc3
15. Qxc3 Nxc4 16. Bc5 Nd6 17. Rfe1+ Nfe4 18. Qxg7 Kd7 19. Bxe4 dxe4 20. Bxd6 Kc8
21. Bg3 Qe8 22. Qc3 Ra7 23. Qd4 Rb7 24. Rxe4 Qb5 25. Qxh8+ Kd7 26. Qe8# 1-0

[Event "POLFINAL MISTRZOSTW POLSKI JUNIOROW 2019 - C11"]
[Site "Ustron"]
[Date "1899-12-30"]
[Round "2.12"]
[White "Marekwica, Dawid"]
[Black "Grzebieniowski, Michal"]
[Result "0-1"]
[WhiteTitle "III"]
[BlackTitle "II"]
[WhiteElo "1129"]
[BlackElo "1332"]

1. e4 c6 2. Nc3 d5 3. d4 dxe4 4. Nxe4 Nd7 5. Nf3 Ngf6 6. Ng3 e6 7. Be3 Bd6 8. Bc4
b6 9. c3 Bb7 10. Be2 Qc7 11. Bd3 c5 12. Qe2 O-O 13. b3 cxd4 14. Bxd4 e5 15. Bxe5
Bxf3 16. Qxf3 Nxe5 17. Qe3 Qxc3+ 18. Ke2 Qb2+ 19. Qd2 Nxd3 20. Kxd3 Qxd2+ 21.
Kxd2 Bxg3 22. hxg3 Ne4+ 23. Ke3 Rfe8 24. Kf3 Rac8 25. Rhe1 Nc5 26. Rec1 Rcd8 27.
Kg4 Nd3 28. Rc7 a5 29. f3 Rc8 30. Rb7 Rb8 31. Rc7 Rec8 32. Re7 Kf8 33. Re3 Nc5
34. Rh1 h6 35. Rc1 Re8 36. Rec3 Rbd8 37. Kh3 Re2 38. R3c2 Rdd2 39. Rxd2 Rxd2 40.
Ra1 Ke7 41. g4 Rb2 42. Kg3 b5 43. f4 a4 44. b4 Rxb4 45. Re1+ Kf8 46. Rc1 Rc4 47.
Rb1 b4 48. Kf3 b3 49. a3 Rc2 50. g3 b2 51. Ke3 Rc3+ 52. Kd4 Rc2 53. f5 Nb3+ 54.
Kd3 Rg2 55. Kc3 Nd2 56. Kxb2 Nxb1+ 57. Kxb1 Ke7 58. Kc1 Kd6 59. g5 hxg5 60. g4
Kc5 61. f6 gxf6 62. Kd1 Kd4 63. Ke1 Ke3 64. Kf1 Ra2 65. Kg1 Kf3 66. Kh1 Kg3 67.
Kg1 Ra1# 0-1

[Event "POLFINAL MISTRZOSTW POLSKI JUNIOROW 2019 - C11"]
[Site "Ustron"]
[Date "1899-12-30"]
[Round "2.13"]
[White "Wawrukiewicz, Szymon"]
[Black "Wilgosz, Szczepan"]
[Result "0-1"]
[WhiteTitle "II"]
[BlackTitle "II"]
[WhiteElo "1143"]
[BlackElo "1268"]

1. e4 e5 2. Nf3 Nc6 3. Bc4 Nf6 4. Nc3 Nxe4 5. Bxf7+ Kxf7 6. Nxe4 d5 7. Nc3 e4 8.
Ng1 Bf5 9. d4 exd3 10. cxd3 Nb4 11. a3 Nxd3+ 12. Kf1 Bc5 13. Be3 d4 14. Qf3 g6
15. g4 Ne5 16. Qd5+ Qxd5 17. Nxd5 Bd3+ 18. Ke1 dxe3 19. fxe3 Be4 20. Ne2 Bxh1
0-1

[Event "POLFINAL MISTRZOSTW POLSKI JUNIOROW 2019 - C11"]
[Site "Ustron"]
[Date "1899-12-30"]
[Round "2.15"]
[White "Fil, Grzegorz"]
[Black "Rudas, Borys"]
[Result "1/2-1/2"]
[WhiteTitle "II"]
[BlackTitle "II"]
[WhiteElo "1188"]
[BlackElo "1150"]

1. c4 c5 2. Nc3 Nc6 3. g3 Nf6 4. Bg2 g6 5. Nf3 Bg7 6. O-O O-O 7. d3 d6 8. Rb1 Ne8
9. Bd2 Nc7 10. a3 a5 11. Qc1 Ne6 12. Bh6 Ned4 13. Bxg7 Kxg7 14. Nxd4 Nxd4 15.
e3 Nc6 16. Ne2 e5 17. Qc3 Bf5 18. Nf4 Kg8 19. Nd5 Be6 20. Rbd1 f5 21. Bh3 b5 22.
Bg2 b4 23. Qc2 Bd7 24. axb4 axb4 25. b3 Ra3 26. Ra1 Qa5 27. Qb2 Kf7 28. Rxa3 bxa3
29. Qc2 Nb4 30. Qd2 a2 31. Ra1 Bc6 32. Nxb4 Bxg2 33. Kxg2 Rb8 34. Rxa2 Qxb4 35.
Qxb4 Rxb4 36. Ra7+ Kf6 37. Ra3 h6 38. f4 1/2-1/2

[Event "POLFINAL MISTRZOSTW POLSKI JUNIOROW 2019 - C11"]
[Site "Ustron"]
[Date "1899-12-30"]
[Round "2.16"]
[White "Wandor, Adam"]
[Black "Lapczynski, Jacek"]
[Result "1-0"]
[WhiteTitle "II"]
[BlackTitle "II"]
[WhiteElo "1241"]
[BlackElo "1124"]

1. c4 e5 2. Nc3 Nc6 3. Nf3 f5 4. g3 Nf6 5. d3 Bb4 6. Bg2 Bxc3+ 7. bxc3 O-O 8. Ba3
d6 9. O-O Nh5 10. c5 f4 11. cxd6 cxd6 12. Qb3+ Kh8 13. Qd5 Rf6 14. Ng5 Qe8 15.
Bxd6 Bf5 16. Ba3 h6 17. Ne4 Bxe4 18. Bxe4 g5 19. Qb5 a6 20. Qxb7 Ng7 21. Bxc6
Rxc6 22. Qb2 Rb8 23. Qd2 Rbc8 24. Rac1 Qd8 25. Rfd1 Qc7 26. c4 Nf5 27. Rb1 Qa7
28. Kf1 fxg3 29. hxg3 Nxg3+ 30. Kg2 Nh5 31. Qe3 Nf4+ 32. Kf1 Qxe3 33. fxe3 Nh3
34. Rb7 g4 35. Re7 g3 36. Bb2 Rg6 37. Bxe5+ Kg8 38. Kg2 Kf8 39. Rg7 Rxg7 40. Bxg7+
Kxg7 41. Kxh3 Re8 42. e4 Kf6 43. Kxg3 Ke5 44. e3 Rg8+ 45. Kf3 Rf8+ 46. Ke2 Rg8
47. Rf1 h5 48. d4+ Kd6 49. Rf6+ Ke7 50. Rxa6 Rh8 51. c5 h4 52. Rg6 h3 53. Rg1
h2 54. Rh1 Kd7 55. Kf3 Rh3+ 56. Kf2 Kc6 57. a4 Kb7 58. d5 Kc7 59. Ke2 Kb7 60.
Kd3 Ka6 61. Kd4 1-0

[Event "POLFINAL MISTRZOSTW POLSKI JUNIOROW 2019 - C11"]
[Site "Ustron"]
[Date "1899-12-30"]
[Round "2.17"]
[White "Trusewicz, Jakub"]
[Black "Nagly, Krzysztof"]
[Result "0-1"]
[WhiteTitle "II"]
[BlackTitle "III"]
[WhiteElo "1172"]
[BlackElo "1071"]

1. e4 e5 2. Nf3 Nc6 3. d4 exd4 4. Nxd4 Bc5 5. Nxc6 bxc6 6. Bd3 d6 7. Nc3 Nf6 8.
O-O Bg4 9. Ne2 O-O 10. h3 Bh5 11. Bg5 h6 12. Bh4 g5 13. Bg3 Re8 14. Qd2 Bg6 15.
h4 Bxe4 16. hxg5 Bxd3 17. cxd3 Nh5 18. Bh4 Rb8 19. a3 Rb5 20. Nf4 Nxf4 21. Qxf4
hxg5 22. Bxg5 Bxf2+ 23. Rxf2 Rxg5 24. Qxf7+ Kh8 25. Rf3 Qc8 26. Qf6+ Rg7 27. Kf2
Kg8 28. Rh1 Qg4 29. g3 Qe6 30. Qxe6+ Rxe6 31. Re1 Rxe1 32. Kxe1 Rh7 33. g4 Rh2
34. b4 Ra2 35. d4 Ra1+ 36. Ke2 Rg1 37. Rf4 Rg3 38. a4 Ra3 39. b5 cxb5 40. axb5
Rb3 41. d5 Rxb5 42. Rc4 Rb7 43. Kf3 Kf7 44. Kf4 Kf6 45. g5+ Kg6 46. Kg4 a5 47.
Rf4 Rb4 48. Rxb4 axb4 49. Kf3 b3 50. Ke3 b2 51. Kd4 Kxg5 52. Kc3 b1=Q 53. Kc4
Kf4 54. Kc3 Qb5 55. Kc2 Qxd5 56. Kc3 Ke3 57. Kb2 Qd3 58. Ka1 Qe2 59. Kb1 Kd3 60.
Ka1 Kc3 61. Kb1 Qb2# 0-1

[Event "POLFINAL MISTRZOSTW POLSKI JUNIOROW 2019 - C11"]
[Site "Ustron"]
[Date "1899-12-30"]
[Round "3.1"]
[White "Brozynski, Patryk"]
[Black "Jaszczuk, Piotr"]
[Result "1-0"]
[WhiteTitle "IV"]
[BlackTitle "II"]
[WhiteElo "1665"]
[BlackElo "1267"]

1. e4 c5 2. Nf3 e6 3. d4 cxd4 4. Nxd4 a6 5. c4 Nf6 6. Nc3 Qc7 7. a3 Be7 8. Be3
O-O 9. Bd3 b6 10. O-O Bb7 11. f4 d6 12. h3 Nbd7 13. b4 b5 14. Rc1 bxc4 15. Na4
Nxe4 16. Rxc4 Qb8 17. Bxe4 Bxe4 18. Nxe6 fxe6 19. Rxe4 Rf6 20. f5 e5 21. Qd5+
Kf8 22. Rc4 Qd8 23. Bg5 Rf7 24. Bxe7+ Kxe7 25. Qe6+ Kf8 26. Qxd6+ Kg8 27. Rd1
Ra7 28. Nc5 Qe8 29. Qe6 Nf6 30. Qb6 Ra8 31. Ne6 Rb8 32. Qxa6 Rd7 33. Rdc1 Qe7
34. Rc8+ Rxc8 35. Qxc8+ Kf7 36. Ng5# 1-0

[Event "POLFINAL MISTRZOSTW POLSKI JUNIOROW 2019 - C11"]
[Site "Ustron"]
[Date "1899-12-30"]
[Round "3.2"]
[White "Przybylski, Jan"]
[Black "Duda, Szymon"]
[Result "0-1"]
[WhiteTitle "II"]
[BlackTitle "II+"]
[WhiteElo "1286"]
[BlackElo "1469"]

1. e4 e5 2. Nf3 Nc6 3. d4 exd4 4. Nxd4 Bc5 5. Be3 Qf6 6. c3 Nge7 7. Bc4 O-O 8.
O-O Rd8 9. Nb5 Ne5 10. Bxc5 Nxc4 11. Nxc7 Qe5 12. Bxe7 Qxc7 13. Bxd8 Qxd8 14.
Qe2 Nb6 15. a4 d6 16. Rd1 Be6 17. a5 Nc4 18. b4 Ne5 19. Nd2 Qf6 20. f3 Qg6 21.
Qb5 Bh3 22. g3 h5 23. Kf2 h4 24. Nc4 hxg3+ 25. hxg3 Nxf3 26. Nxd6 Qf6 27. Nf5
Ne5 28. Qxb7 Rf8 29. Rh1 Bxf5 30. exf5 Qxf5+ 31. Kg2 Qc2+ 32. Kh3 Qh7+ 33. Kg2
Qc2+ 34. Kh3 Qh7+ 35. Kg2 Qc2+ 36. Kh3 g5 37. g4 Rd8 38. Rag1 Qf2 39. Rg3 Ng6
40. Rf3 Nf4+ 41. Rxf4 gxf4 42. Qg2 Rd3+ 43. Kh2 Qh4+ 44. Kg1 Rd1+ 0-1

[Event "POLFINAL MISTRZOSTW POLSKI JUNIOROW 2019 - C11"]
[Site "Ustron"]
[Date "1899-12-30"]
[Round "3.3"]
[White "Glaz, Michal"]
[Black "Nocek, Dominik"]
[Result "1-0"]
[WhiteTitle "II"]
[BlackTitle "II"]
[WhiteElo "1177"]
[BlackElo "1317"]

1. e4 e5 2. Nf3 Nc6 3. d4 exd4 4. Nxd4 Bc5 5. Nb3 Bb6 6. Nc3 Nf6 7. Qe2 d6 8. Be3
Be6 9. f3 Qe7 10. O-O-O O-O-O 11. Kb1 Rd7 12. g4 Re8 13. h4 Qd8 14. Bxb6 axb6
15. Qf2 Bxb3 16. cxb3 d5 17. g5 Ng8 18. Bh3 d4 19. Bxd7+ Qxd7 20. Ne2 Rd8 21.
Rd2 d3 22. Nc1 Qe6 23. Rxd3 Rxd3 24. Nxd3 Ne5 25. Nxe5 Qxe5 26. Rd1 Ne7 27. Qd4
Qxd4 28. Rxd4 c5 29. Rd1 Kc7 30. h5 Kc8 31. f4 Kc7 32. f5 Kc8 33. f6 gxf6 34.
gxf6 Nc6 35. Rg1 Kd7 36. Rg7 Ke6 37. Rxh7 Kxf6 38. h6 Ne5 39. Rg7 Nd7 40. Rg8
1-0

[Event "POLFINAL MISTRZOSTW POLSKI JUNIOROW 2019 - C11"]
[Site "Ustron"]
[Date "1899-12-30"]
[Round "3.4"]
[White "Jozwik, Michal"]
[Black "Kowalski, Witold"]
[Result "1-0"]
[WhiteTitle "II"]
[BlackTitle "II"]
[WhiteElo "1404"]
[BlackElo "1187"]

1. e4 c5 2. Nf3 d6 3. c3 Nf6 4. Qc2 g6 5. d4 cxd4 6. cxd4 Bg7 7. Be2 Bg4 8. O-O
O-O 9. Nc3 Nc6 10. d5 Bxf3 11. Bxf3 Nd4 12. Qd1 Nxf3+ 13. Qxf3 a6 14. Be3 e6 15.
Rad1 b5 16. a3 Rc8 17. dxe6 fxe6 18. e5 Ne8 19. Qg4 Qe7 20. Bg5 Qd7 21. Nd5 Rc4
22. Qh3 Bxe5 23. Nb6 Qf7 24. Nxc4 bxc4 25. Bh6 Bg7 26. Bxg7 Kxg7 27. Qc3+ e5 28.
f4 Qe6 29. fxe5 dxe5 30. Rxf8 Kxf8 31. Re1 e4 32. Qh8+ Ke7 33. Qxh7+ Kd8 34. Rd1+
Kc8 35. Qh3 Qxh3 36. gxh3 Kc7 37. Kf2 Nd6 38. Ke3 Kc6 39. Rg1 Kd5 40. Rxg6 Nf5+
41. Kd2 e3+ 42. Ke2 Ke4 43. Rg4+ Kd5 44. Rg5 Ke4 45. Rxf5 Kxf5 46. Kxe3 Ke5 47.
h4 a5 48. h5 a4 49. h6 Kf6 50. Kd4 1-0

[Event "POLFINAL MISTRZOSTW POLSKI JUNIOROW 2019 - C11"]
[Site "Ustron"]
[Date "1899-12-30"]
[Round "3.5"]
[White "Banaczyk, Piotr"]
[Black "Uhryn, Mateusz"]
[Result "1-0"]
[WhiteTitle "II"]
[BlackTitle "II+"]
[WhiteElo "1183"]
[BlackElo "1362"]

1. e4 c5 2. d4 cxd4 3. c3 d3 4. Bxd3 Nc6 5. Nf3 g6 6. Bf4 Bg7 7. O-O d6 8. Nbd2
Nf6 9. Nb3 O-O 10. Re1 a6 11. h3 Nd7 12. Qd2 b5 13. Nbd4 Nce5 14. Bxe5 Nxe5 15.
Nxe5 Bxe5 16. f4 Bg7 17. Kh1 Bb7 18. Qe3 Bh6 19. Qg3 Bg7 20. Nf3 Kh8 21. Rad1
Qb6 22. Qh4 Bf6 23. Ng5 Bxg5 24. fxg5 b4 25. c4 Rac8 26. b3 Qa5 27. Qf2 Qxg5 28.
Qb6 Rb8 29. Qxb4 Bxe4 30. Qc3+ e5 31. Bxe4 f5 32. Bd5 Rf6 33. c5 dxc5 34. Qxe5
Rbf8 35. Bc4 Qh6 36. Qxc5 f4 37. Bd5 f3 38. Qe3 Qh5 39. Bxf3 Rxf3 40. Qd4+ Kg8
41. Qc4+ Kh8 42. Qd4+ Kg8 43. Qc4+ Kh8 44. Qd4+ Kg8 45. Qd5+ Qxd5 46. Rxd5 Rf1+
47. Rxf1 Rxf1+ 48. Kh2 Rf6 49. Ra5 Kf8 50. Re5 Kf7 51. Re3 Kf8 52. Rf3 Rxf3 53.
gxf3 Ke7 54. Kg3 Kd6 55. Kf4 h6 56. h4 Kc5 57. Ke5 Kb4 58. Kf6 g5 59. hxg5 hxg5
60. Kxg5 Ka3 61. f4 Kxa2 62. b4 Kb3 63. f5 Kxb4 64. f6 a5 65. f7 a4 66. f8=Q+
Kb3 67. Qf6 Ka2 68. Qc3 a3 69. Kf4 Kb1 70. Qxa3 Kc2 71. Qe3 Kd1 72. Qf2 Kc1 73.
Ke3 Kb1 74. Kd3 Ka1 75. Kc3 Kb1 76. Qb2# 1-0

[Event "POLFINAL MISTRZOSTW POLSKI JUNIOROW 2019 - C11"]
[Site "Ustron"]
[Date "1899-12-30"]
[Round "3.6"]
[White "Grzebieniowski, Michal"]
[Black "Dietrich, Pawel"]
[Result "1-0"]
[WhiteTitle "II"]
[BlackTitle "II"]
[WhiteElo "1332"]
[BlackElo "1214"]

1. d4 d5 2. c4 e6 3. Nf3 Nf6 4. g3 Be7 5. Bg2 O-O 6. O-O c6 7. Nbd2 Nbd7 8. Qc2
b6 9. e4 Bb7 10. cxd5 cxd5 11. e5 Ne8 12. b3 Rc8 13. Qd3 Nc7 14. Qe3 Nb5 15. Bb2
Rc2 16. Rab1 Qc7 17. Rfc1 Rc8 18. Ne1 Rxc1 19. Rxc1 Qd8 20. Nb1 Rxc1 21. Qxc1
Qc8 22. Qxc8+ Bxc8 23. Bf1 Ba6 24. Nc2 Nc7 25. Nc3 Bxf1 26. Kxf1 Kf8 27. Ke2 Ke8
28. f4 h5 29. h3 Nb8 30. Ba3 Bxa3 31. Nxa3 a6 32. Nc2 Kd7 33. Kf3 a5 34. a4 Kc6
35. Na3 Nba6 36. Ke3 Nb4 37. Nab5 Nc2+ 38. Kd3 Na1 39. Nxc7 Nxb3 40. N7b5 Na1
41. Ke4 Nb3+ 1-0

[Event "POLFINAL MISTRZOSTW POLSKI JUNIOROW 2019 - C11"]
[Site "Ustron"]
[Date "1899-12-30"]
[Round "3.7"]
[White "Macura, Mateusz"]
[Black "Olszewski, Antoni"]
[Result "0-1"]
[WhiteTitle "II"]
[BlackTitle "II"]
[WhiteElo "1249"]
[BlackElo "1292"]

1. e4 d5 2. exd5 Qxd5 3. Nc3 Qa5 4. d4 Nf6 5. Bd3 Bg4 6. f3 Bh5 7. Nge2 Bg6 8.
Bd2 Bxd3 9. cxd3 c6 10. Ne4 Qc7 11. Bf4 Qb6 12. Qd2 Nbd7 13. Rc1 Rd8 14. Bg3 g6
15. Bf2 Qa6 16. a3 Bg7 17. O-O O-O 18. Rfd1 e5 19. Nc5 Nxc5 20. Rxc5 exd4 21.
Bxd4 Qb6 22. Rc4 Qc7 23. Ng3 b5 24. Bxf6 Bxf6 25. Rcc1 Rfe8 26. Re1 Be5 27. Qc2
Bxg3 28. Rxe8+ Rxe8 29. hxg3 Re6 30. Kf2 Qe5 31. Qd2 Qd4+ 32. Kf1 Rd6 33. Rd1
c5 34. Qc3 Qe3 35. Qd2 Qe5 36. Re1 Qd4 37. Re4 Qxd3+ 38. Qxd3 Rxd3 39. Ke2 Rb3
40. Re8+ Kg7 41. Ra8 Rxb2+ 42. Kf1 c4 43. Rxa7 c3 44. Rc7 c2 45. Ke1 c1=Q+ 46.
Rxc1 Rxg2 47. Rc5 Rxg3 48. Kf2 Rh3 49. Rxb5 Rh2+ 50. Kg3 Ra2 51. Ra5 h5 52. a4
Ra3 53. Ra6 g5 54. a5 g4 55. Kg2 Rxf3 56. Rb6 Ra3 57. a6 h4 58. Rb4 Rxa6 59. Rxg4+
Rg6 60. Kh3 Rxg4 61. Kxg4 Kf6 62. Kxh4 Ke5 63. Kg3 Ke4 64. Kf2 Kf4 65. Kg1 Kg3
66. Kf1 Kf3 67. Kg1 f5 68. Kf1 f4 69. Kg1 Ke2 70. Kh2 f3 71. Kg3 f2 72. Kh2 f1=Q
73. Kg3 Qf5 74. Kh2 Qg4 75. Kh1 Kf2 76. Kh2 Qh5# 0-1

[Event "POLFINAL MISTRZOSTW POLSKI JUNIOROW 2019 - C11"]
[Site "Ustron"]
[Date "1899-12-30"]
[Round "3.8"]
[White "Wilgosz, Szczepan"]
[Black "Cichon, Aleksander"]
[Result "1/2-1/2"]
[WhiteTitle "II"]
[BlackTitle "II"]
[WhiteElo "1268"]
[BlackElo "1207"]

1. e4 e5 2. Nf3 Nc6 3. Bc4 Nf6 4. d3 h6 5. Nc3 d6 6. h3 g6 7. a4 Bg7 8. O-O O-O
9. Be3 Kh8 10. d4 Qe7 11. Re1 b6 12. Nd5 Qd8 13. Qc1 Kh7 14. Bd3 exd4 15. Nxd4
Bd7 16. Nxf6+ Qxf6 17. Nxc6 Bxc6 18. c3 Rfe8 19. Bd4 Qh4 20. Bxg7 Kxg7 21. Qe3
Kh7 22. Qf3 f5 23. Qg3 Qxg3 24. fxg3 Bxe4 25. Bb5 Re5 26. Kf2 c6 27. Be2 Rae8
28. Bf3 d5 29. g4 a6 30. gxf5 gxf5 31. a5 b5 32. g4 fxg4 33. hxg4 Rf8 34. Re3
Rg5 35. Kg3 h5 36. Kh4 Rxf3 37. Rxe4 dxe4 38. Kxg5 hxg4 39. Kxg4 Rf2 40. Re1 Rxb2
41. Rxe4 Rb3 42. Re7+ Kg8 43. Ra7 Rxc3 44. Rxa6 Ra3 45. Rxc6 Rxa5 46. Rc1 Kf7
47. Kf5 b4+ 48. Ke4 Rb5 49. Rb1 Ke6 50. Kd4 Kd6 51. Kc4 Rb8 52. Rxb4 Rxb4+ 53.
Kxb4 Ke5 1/2-1/2

[Event "POLFINAL MISTRZOSTW POLSKI JUNIOROW 2019 - C11"]
[Site "Ustron"]
[Date "1899-12-30"]
[Round "3.9"]
[White "Stachowiak, Bruno"]
[Black "Krzastek, Adrian"]
[Result "1-0"]
[WhiteTitle "II"]
[BlackTitle "II"]
[WhiteElo "1295"]
[BlackElo "1181"]

1. e4 c5 2. Nf3 d6 3. d4 cxd4 4. Nxd4 Nf6 5. Nc3 g6 6. Be3 Bg7 7. f3 O-O 8. Qd2
Nc6 9. Bc4 Ne5 10. Bb3 Bd7 11. O-O-O Qa5 12. Kb1 Kh8 13. h3 Rfc8 14. g4 b5 15.
g5 Nh5 16. Ncxb5 Qxd2 17. Rxd2 Nxf3 18. Nxf3 Bxb5 19. Rg1 Kg8 20. Nd4 Bd7 21.
h4 a5 22. c3 Be5 23. Rf2 e6 24. Nf3 Bg7 25. Rd2 Bf8 26. Nd4 Ng7 27. Rf1 Be7 28.
Nf3 a4 29. Bc2 a3 30. Bb3 axb2 31. Kxb2 Nh5 32. Rg1 Bc6 33. Bc2 Rab8+ 34. Ka1
Bb7 35. Rb1 Rxc3 36. Ba7 Re8 37. Rxb7 Rxf3 38. Ba4 Rf1+ 39. Kb2 Bxg5 40. hxg5
Rc8 41. Rb8 Rxb8+ 42. Bxb8 Rf4 43. Bc2 Rg4 44. Bxd6 Rxg5 45. a4 Ra5 46. Bb4 Ra8
47. a5 Rb8 48. Ka3 Kg7 49. a6 Ra8 50. Rd6 Kf6 51. Ba4 Ng7 52. Bc5 h5 53. a7 h4
54. Bc6 1-0

[Event "POLFINAL MISTRZOSTW POLSKI JUNIOROW 2019 - C11"]
[Site "Ustron"]
[Date "1899-12-30"]
[Round "3.10"]
[White "Sawicki, Dorian"]
[Black "Skowron, Dawid"]
[Result "1/2-1/2"]
[WhiteTitle "II"]
[BlackTitle "II"]
[WhiteElo "1142"]
[BlackElo "1278"]

1. Nf3 Nc6 2. g3 Nf6 3. c4 e5 4. Nc3 Bc5 5. Bg2 d6 6. Na4 Bb6 7. Nxb6 axb6 8. d3
O-O 9. O-O Bd7 10. Bg5 h6 11. Bd2 Ne7 12. Ne1 Qc8 13. Nc2 b5 14. cxb5 Bxb5 15.
Na3 Bc6 16. Qc2 Bxg2 17. Kxg2 Qd7 18. Rac1 Qc6+ 19. Qxc6 Nxc6 20. Bc3 Rfe8 21.
Nb5 Re7 22. a3 d5 23. b3 d4 24. Bd2 e4 25. a4 Nd5 26. Rc4 e3 27. fxe3 dxe3 28.
Be1 Na5 29. Bxa5 Rxa5 30. Rcc1 Ra6 31. Nc3 1/2-1/2

[Event "POLFINAL MISTRZOSTW POLSKI JUNIOROW 2019 - C11"]
[Site "Ustron"]
[Date "1899-12-30"]
[Round "3.11"]
[White "Iracki, Piotr"]
[Black "Wandor, Adam"]
[Result "0-1"]
[WhiteTitle "III"]
[BlackTitle "II"]
[WhiteElo "1136"]
[BlackElo "1241"]

1. e4 e6 2. d4 d5 3. Nc3 Bb4 4. e5 c5 5. a3 Bxc3+ 6. bxc3 c4 7. Qg4 g6 8. Nf3 f6
9. Qf4 Nd7 10. Be2 fxe5 11. dxe5 Ne7 12. Ng5 Rf8 13. Nxe6 Rxf4 14. Nxd8 Re4 15.
Ne6 Rb8 16. Ng5 Rh4 17. g3 Rh6 18. Ne6 g5 19. Nxg5 Nxe5 20. Ne4 Re6 21. Nd2 N5c6
22. Nf3 Nf5 23. Ng5 Re7 24. Bf4 Ra8 25. Rd1 d4 26. Kf1 dxc3 27. Bxc4 Nfd4 28.
Bd3 h6 29. Bg6+ Kf8 30. Bd6 hxg5 31. Bxe7+ Kxe7 32. h3 Nf3 33. Ke2 Nfe5 34. f4
Nxg6 35. fxg5 Be6 36. Rhe1 Bxh3 37. Kf3+ Nge5+ 38. Kf2 Rf8+ 39. Kg1 Kf7 40. Kh2
Rh8 41. g6+ Kxg6 42. Rd6+ Kf7 43. Rb1 Nf3+ 0-1

[Event "POLFINAL MISTRZOSTW POLSKI JUNIOROW 2019 - C11"]
[Site "Ustron"]
[Date "1899-12-30"]
[Round "3.12"]
[White "Stepinski, Piotr"]
[Black "Niemczyk, Krzysztof"]
[Result "0-1"]
[WhiteTitle "II"]
[BlackTitle "II"]
[WhiteElo "1135"]
[BlackElo "1227"]

1. d4 Nf6 2. Bg5 e6 3. e4 Be7 4. e5 Nd5 5. Bxe7 Nxe7 6. Nf3 O-O 7. Bd3 Nbc6 8.
c3 d6 9. exd6 cxd6 10. O-O e5 11. Bc2 Bg4 12. d5 Nb8 13. h3 Bh5 14. c4 Nd7 15.
Nbd2 f5 16. Qb1 Bxf3 17. Nxf3 h6 18. Re1 Qb6 19. b3 e4 20. Qb2 Ng6 21. Nd4 Nge5
22. Ne6 Rf7 23. Qc3 Nc5 24. Nxc5 Qxc5 25. Rad1 Rc8 26. Qd4 b6 27. Re3 Qxd4 28.
Rxd4 b5 29. f3 exf3 30. gxf3 f4 31. Rc3 b4 32. Rcd3 Nxd3 33. Bxd3 g5 34. Re4 Rcf8
35. Re6 Rf6 36. Re7 Ra8 37. Rb7 a5 38. Rb6 Kf7 39. Rb7+ Kg8 40. Rb6 Ra7 41. c5
Kg7 42. c6 Rff7 43. Kf2 Kf6 44. Ke2 Ke5 45. Be4 Kd4 46. Kd2 Rf8 47. Rb5 h5 48.
Bg6 g4 49. hxg4 hxg4 50. Be4 g3 51. Ke2 Kc3 52. Bg6 Kb2 53. Bh5 Kxa2 54. Bg4 Kxb3
55. Bh3 Kc4 56. Rb7 Rxb7 57. cxb7 Rb8 58. Bd7 Kxd5 59. Bc6+ Kxc6 60. Kd3 Rxb7
61. Ke4 Rf7 62. Kd4 g2 63. Kc4 g1=Q 64. Kb3 Kb5 65. Ka2 Qe3 66. Kb2 Rh7 67. Kc2
Rh2+ 68. Kd1 Qg1# 0-1

[Event "POLFINAL MISTRZOSTW POLSKI JUNIOROW 2019 - C11"]
[Site "Ustron"]
[Date "1899-12-30"]
[Round "3.13"]
[White "Wolak, Maciej"]
[Black "Kowalczyk, Jakub"]
[Result "1-0"]
[WhiteTitle "II"]
[BlackTitle "II"]
[WhiteElo "1213"]
[BlackElo "1132"]

1. e4 c5 2. c3 d6 3. d4 cxd4 4. cxd4 Nf6 5. Nc3 a6 6. Nf3 b5 7. a3 Bb7 8. Bd3 h6
9. O-O e6 10. Re1 Be7 11. Qb3 Qc7 12. Bd2 Nc6 13. Rac1 Qd7 14. Ne2 O-O 15. Nf4
Rfe8 16. Bc3 Rac8 17. d5 exd5 18. exd5 Nb8 19. Nd4 Qd8 20. a4 Rc5 21. Bb4 bxa4
22. Qxa4 Rxc1 23. Rxc1 Nxd5 24. Nxd5 Bxd5 25. Qa3 Bg5 26. Ba5 Qf6 27. Qa4 Rf8
28. Re1 Be6 29. Nxe6 fxe6 30. Qe4 Qxf2+ 31. Kh1 Qf5 32. Qxe6+ Qxe6 33. Rxe6 d5
34. Bb4 Rc8 35. g3 Kf7 36. Rd6 Rd8 37. Bg6+ Kg8 38. Re6 d4 39. Bd6 Nd7 40. Bc7
Rc8 41. Bd6 Nf8 42. Bxf8 Kxf8 43. Rxa6 Rd8 44. Bd3 Be3 45. b4 Rb8 46. b5 Rb7 47.
b6 Ke8 48. Be4 Rb8 49. b7 d3 50. Ra8 d2 51. Rxb8+ Kd7 52. Rd8+ Kxd8 53. b8=Q+
Ke7 54. Bf3 1-0

[Event "POLFINAL MISTRZOSTW POLSKI JUNIOROW 2019 - C11"]
[Site "Ustron"]
[Date "1899-12-30"]
[Round "3.15"]
[White "Mieszkowski, Adam"]
[Black "Fil, Grzegorz"]
[Result "0-1"]
[WhiteTitle "II"]
[BlackTitle "II"]
[WhiteElo "1126"]
[BlackElo "1188"]

1. e4 c5 2. Nf3 Nc6 3. c3 Nf6 4. e5 Nd5 5. d4 cxd4 6. Bc4 e6 7. Bxd5 exd5 8. cxd4
d6 9. h3 Be7 10. Nc3 Be6 11. O-O O-O 12. Be3 a6 13. a3 b5 14. b4 h6 15. Rc1 Qd7
16. Nd2 Bd8 17. Nf3 Bc7 18. Re1 dxe5 19. dxe5 f6 20. Bc5 Rf7 21. exf6 Rxf6 22.
Qd2 Bf4 23. Be3 Bxe3 24. fxe3 Rd8 25. Nd4 Nxd4 26. Qxd4 Rg6 27. Kh2 Rf8 28. e4
Qc7+ 29. e5 Qc4 30. Ne2 Qxd4 31. Nxd4 Rc8 32. Rc5 Rxc5 33. bxc5 Kf7 34. c6 Ke7
35. Nxe6 Rxe6 36. Rc1 Kd8 37. c7+ Kc8 38. Kg3 Rxe5 39. Rc3 d4 40. Rf3 Re3 41.
Rxe3 dxe3 42. Kf3 Kxc7 43. Kxe3 a5 44. Kd4 Kd6 45. g4 b4 46. axb4 axb4 47. Kc4
Ke5 48. Kxb4 Kf4 49. Kc3 Kg3 50. Kd3 Kxh3 51. g5 hxg5 52. Ke2 g4 53. Kf2 g3+ 54.
Kf1 g2+ 55. Kg1 g5 56. Kf2 Kh2 0-1

[Event "POLFINAL MISTRZOSTW POLSKI JUNIOROW 2019 - C11"]
[Site "Ustron"]
[Date "1899-12-30"]
[Round "3.16"]
[White "Owierczuk, Szymon"]
[Black "Stanik, Szymon"]
[Result "0-1"]
[WhiteTitle "II"]
[BlackTitle "II"]
[WhiteElo "1086"]
[BlackElo "1187"]

1. d4 d5 2. c4 e6 3. Nc3 Nf6 4. Bg5 Be7 5. Nf3 Nbd7 6. e3 h6 7. Bh4 b6 8. Bd3 Bb7
9. O-O O-O 10. Qe2 c5 11. Rfd1 cxd4 12. exd4 dxc4 13. Bxc4 Qc7 14. Rac1 Bxf3 15.
gxf3 Qf4 16. Bg3 Qg5 17. f4 Qh5 18. Qxh5 Nxh5 19. Be2 Nhf6 20. Bf3 Rac8 21. d5
exd5 22. Nxd5 Nxd5 23. Bxd5 Nf6 24. Bf3 Rfd8 25. Rxd8+ Rxd8 26. Rc7 Rd7 27. Rc2
Bc5 28. a3 a5 29. Kg2 g6 30. Bh4 Kg7 31. Bg3 h5 32. h3 Rd4 33. Rc3 Rd2 34. b3
Bxa3 35. Rc6 Bc5 36. Bh4 Rd6 37. Rxd6 Bxd6 38. Bg3 Kf8 39. Kf1 Ke7 40. Ke2 Bc5
41. Kd3 Ng8 42. Kc4 Nh6 43. Kc3 Nf5 44. Be4 h4 45. Bh2 Bxf2 46. Bxf5 gxf5 47.
Kc4 Bg3 48. Bg1 Bxf4 49. Bxb6 Bd2 50. Bf2 Ke6 51. Bxh4 Ke5 52. Kd3 Bb4 53. Bf2
f4 54. h4 Kf5 55. Kd4 Kg4 56. Ke4 f5+ 57. Ke5 Bd2 58. h5 Kxh5 59. Kxf5 Be3 60.
Be1 f3 61. Ke4 f2 62. Bxf2 Bxf2 63. Kd3 Be1 64. Ke2 Bb4 65. Kd3 Kg4 66. Ke4 Kg3
67. Ke3 Bc5+ 68. Ke2 Kf4 69. Kd3 Kf3 70. Kc4 Bb4 71. Kd3 Kf2 0-1